Československé státní právo : ... vysokoškolská učebnice pro právnické fakulty /

Hlavní autor: Zdobinský, Stanislav, 1927-
Další autoři: Peška, Pavel, 1926-2013
Jazyk: Čeština
Vydáno: Praha : Panorama, 1981
Vydání: 1. vyd.
Edice: Učebnice (Panorama)
Externí odkaz: Digitalizovaný dokument
Fyzický popis: 277 s.
Knihy
Uloženo v:
LEADER 01169nam a22003012a 4500
001 001129007
003 CZ BrMZK
005 20110603144600.0
007 ta
008 101122s1981 xr er|||||||||||cze d
015 |a cnb000131221 
035 |a (OCoLC)8035166 
040 |a BOA001  |b cze 
100 1 |a Zdobinský, Stanislav,  |d 1927-  |7 jk01152312  |4 aut 
245 1 0 |a Československé státní právo :  |b ... vysokoškolská učebnice pro právnické fakulty /  |c kolektiv autorů pod vedením Stanislava Zdobinského a Pavla Pešky 
250 |a 1. vyd. 
260 |a Praha :  |b Panorama,  |c 1981 
300 |a 277 s. 
490 1 |a Učebnice 
504 |a Obsahuje bibliografii 
700 1 |a Peška, Pavel,  |d 1926-2013  |7 jk01092669  |4 aut 
830 0 |a Učebnice (Panorama)  |0 s 
856 4 1 |u http://www.digitalniknihovna.cz/mzk/uuid/uuid:ce8ebca0-73a0-11e4-9e20-005056827e52  |y Digitalizovaný dokument  |x NDK 
910 |a BOA001  |b 2-0835.346 
990 |a BK 
991 |b 201011 
996 6 |b 2619396786  |c 2-0835.346  |l MZK  |r Sklad / do 1 hodiny  |n 0  |w 001158033  |u 000010  |a 1  |e BOA001  |j MZK50  |s P 
996 6 |b 2619396787  |c 2-0835.346  |l MZK  |r Sklad / do 1 hodiny  |n 1  |w 001158033  |u 000020  |a 1  |e BOA001  |j MZK50  |s P